Countries on Population Pixelated Map - Statistics

General Stats
  • This quiz has been taken 1,142 times
  • The average score is 109 of 120
Answers on the Map
Answers color-coded by a green-red scale on the quiz's map according to % correct below.
 
Answer Stats
Pop (M) Country % Correct
1406.5 China
99%
1350.1 India
99%
126.2 Japan
98%
126.6 Mexico
98%
329.6 United States
98%
210.2 Brazil
97%
37.6 Canada
97%
67.0 France
97%
83.0 Germany
97%
60.4 Italy
97%
146.8 Russia
97%
46.9 Spain
97%
66.4 United Kingdom
97%
44.9 Argentina
96%
268.1 Indonesia
96%
25.5 North Korea
96%
205.4 Pakistan
96%
57.7 South Africa
96%
51.8 South Korea
96%
19.1 Chile
95%
11.2 Cuba
95%
99.0 Egypt
95%
5.5 Finland
95%
82.6 Iran
95%
25.3 Madagascar
95%
22.3 Niger
95%
5.3 Norway
95%
10.3 Portugal
95%
10.3 Sweden
95%
82.0 Turkey
95%
96.2 Vietnam
95%
25.4 Australia
94%
48.3 Colombia
94%
5.8 Denmark
94%
201.0 Nigeria
94%
108.0 Philippines
94%
38.4 Poland
94%
66.4 Thailand
94%
43.4 Algeria
93%
166.9 Bangladesh
93%
86.8 DR Congo
93%
10.7 Greece
93%
39.1 Iraq
93%
29.6 Nepal
93%
17.3 Netherlands
93%
32.5 Peru
93%
34.2 Saudi Arabia
93%
23.6 Taiwan
93%
42.1 Ukraine
93%
11.5 Belgium
92%
10.4 Dominican Republic
92%
98.7 Ethiopia
92%
7.1 Laos
92%
32.8 Malaysia
92%
35.1 Morocco
92%
7.2 Paraguay
92%
21.7 Sri Lanka
92%
8.6 Switzerland
92%
32.2 Venezuela
92%
32.2 Afghanistan
91%
8.9 Austria
91%
11.5 Bolivia
91%
16.3 Cambodia
91%
17.3 Ecuador
91%
11.6 Haiti
91%
18.5 Kazakhstan
91%
52.6 Kenya
91%
54.3 Myanmar
91%
15.4 Somalia
91%
41.7 Sudan
91%
29.2 Yemen
91%
9.5 Belarus
90%
17.7 Guatemala
90%
9.2 Honduras
90%
9.1 Israel
90%
6.8 Libya
90%
5.4 Republic of the Congo
90%
19.5 Romania
90%
9.8 United Arab Emirates
90%
7.0 Bulgaria
89%
15.7 Chad
89%
5.1 Costa Rica
89%
10.7 Czech Republic
89%
5.6 Singapore
89%
17.1 Syria
89%
55.9 Tanzania
89%
11.6 Tunisia
89%
6.7 El Salvador
88%
9.8 Hungary
88%
10.5 Jordan
88%
20.0 Mali
88%
6.5 Nicaragua
88%
8.6 Papua New Guinea
88%
7.0 Serbia
88%
5.5 Slovakia
88%
33.6 Uzbekistan
88%
30.2 Angola
87%
6.9 Lebanon
87%
27.9 Mozambique
87%
12.8 South Sudan
87%
5.9 Turkmenistan
87%
15.2 Zimbabwe
87%
10.0 Azerbaijan
86%
5.5 Central African Republic
86%
30.3 Ghana
86%
6.4 Kyrgyzstan
86%
8.9 Tajikistan
86%
40.0 Uganda
86%
17.4 Zambia
86%
25.8 Ivory Coast
84%
16.2 Senegal
84%
12.2 Guinea
83%
12.4 Rwanda
83%
24.3 Cameroon
82%
7.5 Togo
82%
11.7 Benin
80%
20.9 Burkina Faso
80%
11.0 Burundi
78%
17.6 Malawi
78%
7.9 Sierra Leone
78%
No matching quizzes found
Score Distribution
Percent of People with Each Score
Percentile by Number Answered
Your Score History
You have not taken this quiz